01482nam a22001817a 4500003000500000005001700005020002200022082001300044100007200057245008100129250001700210260003900227300002100266505085500287942001201142999001901154952012701173NUST20221007113730.0 a978-983-47-1046-0 a657, MAD a Ibrahim, Wan Madznah Wan,Kasim, Khairul Naziya,Bijoy,Kumar999465 aFundamentals of Business Accounting Second Edition:cWan Madznah Wan Ibrahim a2nd Edition  aNew York bOxford Uni Press c2013 axvi, 477: pages  aIntroduction to Accounting (Page-1), Recording the Accounting Information (Page-13), Business Performance Measurement (Page-39), Requirements of Information Disclosure (Page-69), Accounting for Current Assets (Page-91), Accounting for Fixed Assets (Page-111), Accounting for Partnerships (Page-133), Accounting for Companies-Formation, Shares Issuance and Dividends (Page-145), Analysis of Financial Statement (Page-161), Introduction to Management and Cost Accounting (Page-207), Accounting for Manufacturing Companies (Page-247), Product Costing (Page-265), Capital Budgeting (Page-305), Operational Budgets (Page-325), Flexible Budgets and Standard Costing (Page-357), Costing Techniques, Cost-Volume-profit and Pricing (Page-382), Accounting for Control and Performance Measurement (Page-431), Strategies Management Accounting (Page-453).  2ddccBK c591568d591568 00102ddc4070aMCSbMCScGENd2022-10-07o657,MADpMCS38265r2022-10-07w2022-10-07yBKzAlmirah Fresh No.45, Shelf No.5